LIBRARY & INFORMATION CENTRE, KCAET, TAVANUR

ONLINE PUBLIC ACCESS CATALOGUE (OPAC)

Heat and mass transfer : (Record no. 13937)

MARC details
000 -LEADER
fixed length control field 00562cam a2200205 a 4500
020 ## - INTERNATIONAL STANDARD BOOK NUMBER
ISBN 0073398128 (alk. paper)
020 ## - INTERNATIONAL STANDARD BOOK NUMBER
ISBN 9780073398129 (alk. paper)
020 ## - INTERNATIONAL STANDARD BOOK NUMBER
ISBN 9780077366643 (hbk.)
020 ## - INTERNATIONAL STANDARD BOOK NUMBER
ISBN 0077366646 (hbk.)
082 00 - DEWEY DECIMAL CLASSIFICATION NUMBER
Classification number 621.4022
Item number CEN/HE
100 1# - MAIN ENTRY--AUTHOR NAME
Personal name Çengel, Yunus A.
245 10 - TITLE STATEMENT
Title Heat and mass transfer :
250 ## - EDITION STATEMENT
Edition statement 4th ed.
260 ## - PUBLICATION, DISTRIBUTION, ETC. (IMPRINT)
Place of publication New Delhi :
Name of publisher Tata McGraw-Hill,
Year of publication c2011.
300 ## - PHYSICAL DESCRIPTION
Number of Pages xix, 924 p. :
Other physical details ill. ;
Accompanying material 1 DVD-ROM (4 3/4 in.)
650 #0 - SUBJECT ADDED ENTRY--TOPICAL TERM
Topical Term Heat
650 #0 - SUBJECT ADDED ENTRY--TOPICAL TERM
Topical Term Mass transfer.
700 1# - ADDED ENTRY--PERSONAL NAME
Personal name Ghajar, Afshin J.
942 ## - ADDED ENTRY ELEMENTS (KOHA)
Koha item type Books
Holdings
Withdrawn status Lost status Damaged status Collection code Home library Current library Shelving location Date acquired Source of acquisition Cost, normal purchase price Full call number Accession Number Koha item type
      Non-fiction KAUAET KAUAET General Stacks 30/03/2013 Calicut Book Distributors 550.00 621.4022 CEN/HE 23743 Books
free website counter